Statistics for Cities With One Million People by Letter - N

Click here to take the quiz!

General Stats

  • This quiz has been taken 1,001 times
  • The average score is 15 of 25

Answers on the Map

Answers color-coded by a green-red scale on the quiz's map according to % correct below.
 

Answer Stats

City% Correct
New York
98%
Naples
97%
Nairobi
93%
New Orleans
92%
Nashville
87%
Newcastle
87%
Nuremberg
86%
Nagoya
81%
Ndjamena
80%
Niamey
78%
Nanjing
77%
Nottingham
77%
Nouakchott
77%
Nizhny Novgorod
70%
Novosibirsk
70%
Natal
54%
Nagpur
49%
Nanning
47%
Ningbo
35%
Naha
34%
Nanchang
26%
Nantong
18%
Nanchong
12%
Nanyang
12%
Nasik
10%

Score Distribution

Percentile by Number Answered

Percent of People with Each Score

Your Score History

You have not taken this quiz